[Event "Steinfurt Kreisklasse 0607"]
[Site "Germany"]
[Date "2007.02.17"]
[Round "6.5"]
[White "Jenderaszyjk, Daniel"]
[Black "Tassemeier, Mathias"]
[Result "0-1"]
[WhiteElo "898"]
[BlackElo "1133"]
[PlyCount "90"]
[EventDate "2006.09.23"]
[EventType "team-tourn"]
[EventRounds "10"]
[EventCountry "GER"]
[SourceTitle "EXT 2008"]
[Source "ChessBase"]
[SourceDate "2007.11.25"]
[SourceVersion "1"]
[SourceVersionDate "2007.11.25"]
[SourceQuality "1"]
[WhiteTeam "Emsdetten Rochade IV"]
[BlackTeam "Saerbeck IV"]
[WhiteTeamCountry "GER"]
[BlackTeamCountry "GER"]

1. e4 e5 2. Nf3 Nc6 3. Bc4 Bc5 4. 0-0 h6 5. c3 Qf6 6. d3 Na5 7. Na3 Bxa3 8. bxa3 d6 9. Bb5+ c6 10. Ba4 Bg4 11. Bd2 b5 12. c4 Nxc4 13. Bb4 Nxa3 14. Bxa3 bxa4 15. d4 Bxf3 16. Qxf3 exd4 17. Qxf6 Nxf6 18. Bxd6 Rd8 19. Be5 Ke7 20. Bc7 Rd7 21. e5 Rxc7 22. exf6+ Kxf6 23. Rfd1 c5 24. a3 Rb8 25. Ra2 Rb3 26. g3 Rcb7 27. Rdd2 d3 28. Kg2 c4 29. Ra1 Rc3 30. h3 Rbb3 31. Rda2 Rc2 32. Kf1 Rbc3 33. Rxc2 Rxc2 34. Kg2 d2 35. Rd1 c3 36. Rf1 Rc1 37. Rxc1 dxc1Q 38. h4 Qd2 39. Kf3 Qd4 40. Kg2 c2 41. Kh3 c1R 42. f4 h5 43. Kg2 Qd3 44. Kh2 Qf3 45. f5 Rc2+ 0-1